Bài tập hóa học đại cương

Giới thiệu các chủ đề bài tập về cân bằng hóa học, động hóa học, dung dịch, điện hóa học

Uloženo v:
Podrobná bibliografie
Hlavní autor: Nguyễn, Đức Chung
Médium: Kniha
Jazyk:Undetermined
Vydáno: Thành phố Hồ Chí Minh Đại học Quốc gia 2010
Témata:
Tagy: Přidat tag
Žádné tagy, Buďte první, kdo otaguje tento záznam!
Thư viện lưu trữ: Trung tâm Học liệu Trường Đại học Cần Thơ
LEADER 00771nam a2200217Ia 4500
001 CTU_177424
008 210402s9999 xx 000 0 und d
020 |c 30000 
082 |a 540.76 
082 |b Ch513/T.2 
100 |a Nguyễn, Đức Chung 
245 0 |a Bài tập hóa học đại cương 
245 0 |c Nguyễn Đức Chung 
260 |a Thành phố Hồ Chí Minh 
260 |b Đại học Quốc gia 
260 |c 2010 
520 |a Giới thiệu các chủ đề bài tập về cân bằng hóa học, động hóa học, dung dịch, điện hóa học 
650 |a Chemistry 
650 |x Problems, exercises, etc. 
904 |i Minh, Năm 
980 |a Trung tâm Học liệu Trường Đại học Cần Thơ